[Event "KAZ-ch U20"]
[Site "Almaty"]
[Date "2025.05.05"]
[Round "9"]
[White "Galymzhanuly, Ibragim"]
[Black "Amirali, Abzal"]
[Result "1/2-1/2"]
[WhiteElo "1927"]
[BlackElo "2145"]
[PlyCount "51"]
[EventDate "2025.05.01"]
[EventType "swiss"]
[EventRounds "9"]
[EventCountry "KAZ"]
[SourceTitle "CB19_2025"]
[SourceDate "2025.05.07"]
[SourceVersion "1"]
[SourceVersionDate "2025.05.07"]
[SourceQuality "1"]

1. e4 c5 2. Nf3 e6 3. d4 cxd4 4. Nxd4 a6 5. Be3 Nf6 6. Bd3 Nc6 7. 0-0 d5 8. Nc3 Be7 9. exd5 exd5 10. Nxc6 bxc6 11. Bd4 0-0 12. Na4 Nd7 13. b4 Bxb4 14. Qh5 h6 15. Bxg7 Kxg7 16. Qg4+ Kh8 17. Qxb4 Rb8 18. Qc3+ Qf6 19. Qxf6+ Nxf6 20. Nc5 a5 21. Rab1 Be6 22. Rb3 Nd7 23. Nxd7 Bxd7 24. Rfb1 Rxb3 25. Rxb3 c5 26. c4 1/2-1/2

[Event "FIDE World Rapid Team"]
[Site "Almaty"]
[Date "2024.08.04"]
[Round "10.12"]
[White "Galymzhanuly, Ibragim"]
[Black "Naimanov, Rinat"]
[Result "1-0"]
[WhiteElo "1929"]
[BlackElo "1749"]
[PlyCount "39"]
[EventDate "2024.08.02"]
[EventType "team (rapid)"]
[EventRounds "12"]
[EventCountry "KAZ"]
[SourceTitle "CBM 221 Extra"]
[Source "ChessBase"]
[SourceDate "2024.09.30"]
[SourceVersion "1"]
[SourceVersionDate "2024.09.30"]
[SourceQuality "1"]
[WhiteTeam "Al Ain ACMG"]
[BlackTeam "Astana"]
[WhiteTeamCountry "UAE"]
[BlackTeamCountry "KAZ"]

1. d4 Nf6 2. c4 e6 3. Nf3 c5 4. d5 b5 5. dxe6 fxe6 6. cxb5 a6 7. bxa6 d5 8. g3 Nc6 9. Bg2 Bd6 10. 0-0 0-0 11. Nc3 Bxa6 12. Re1 Nb4 13. a3 Bb7 14. Bg5 Na6 15. e4 Be7 16. Qb3 Ra7 17. Rad1 c4 18. Qb5 Qa8 19. exd5 exd5 20. Rxe7 1-0

[Event "FIDE World Rapid Team"]
[Site "Almaty"]
[Date "2024.08.04"]
[Round "12.12"]
[White "Zhang, Changjie"]
[Black "Galymzhanuly, Ibragim"]
[Result "1/2-1/2"]
[WhiteElo "1809"]
[BlackElo "1929"]
[PlyCount "73"]
[EventDate "2024.08.02"]
[EventType "team (rapid)"]
[EventRounds "12"]
[EventCountry "KAZ"]
[SourceTitle "CBM 221 Extra"]
[Source "ChessBase"]
[SourceDate "2024.09.30"]
[SourceVersion "1"]
[SourceVersionDate "2024.09.30"]
[SourceQuality "1"]
[WhiteTeam "Theme Int Trading"]
[BlackTeam "Al Ain ACMG"]
[WhiteTeamCountry "SIN"]
[BlackTeamCountry "UAE"]

1. e4 d5 2. Nc3 d4 3. Nce2 e5 4. d3 Be6 5. f4 f6 6. Nf3 Bd6 7. g3 Ne7 8. Bg2 0-0 9. f5 Bf7 10. g4 Kh8 11. g5 c5 12. gxf6 gxf6 13. Bh6 Rg8 14. Ng3 Nbc6 15. Qe2 Rc8 16. Kf2 c4 17. a3 Na5 18. Nh4 Qe8 19. Bf3 Qb5 20. Rab1 cxd3 21. cxd3 Bb3 22. Rhc1 Ba2 23. Nh5 Bxb1 24. Rxb1 Qb3 25. Nxf6 Rc2 26. Bd2 Rgc8 27. Kg1 Qa2 28. Rd1 Nb3 29. Qg2 Nxd2 30. Ng6+ hxg6 31. fxg6 Nxg6 32. Qh3+ Kg7 33. Nh5+ Kh8 34. Nf6+ Kg7 35. Nh5+ Kh8 36. Nf6+ Kg7 37. Nh5+ 1/2-1/2

[Event "FIDE World Rapid Team"]
[Site "Almaty"]
[Date "2024.08.02"]
[Round "3.6"]
[White "Berikkyzy, Alanna"]
[Black "Galymzhanuly, Ibragim"]
[Result "0-1"]
[WhiteElo "1869"]
[BlackElo "1929"]
[PlyCount "65"]
[EventDate "2024.08.02"]
[EventType "team (rapid)"]
[EventRounds "12"]
[EventCountry "KAZ"]
[SourceTitle "CBM 221 Extra"]
[Source "ChessBase"]
[SourceDate "2024.09.30"]
[SourceVersion "1"]
[SourceVersionDate "2024.09.30"]
[SourceQuality "1"]
[WhiteTeam "Rookies"]
[BlackTeam "Al Ain ACMG"]
[BlackTeamCountry "UAE"]

1. e4 Nf6 2. e5 Nd5 3. c4 Nb6 4. a4 a5 5. Nc3 d6 6. Nf3 Nc6 7. exd6 cxd6 8. d4 g6 9. Be2 Bg7 10. 0-0 Bg4 11. d5 Bxf3 12. Bxf3 Ne5 13. Be2 0-0 14. Qb3 Rc8 15. Bf4 Nexc4 16. Rac1 Ne5 17. Ne4 Ned7 18. Be3 Rxc1 19. Rxc1 h6 20. Nd2 Re8 21. Nf3 e6 22. dxe6 Rxe6 23. Bb5 Ne5 24. Nd4 Re7 25. Be2 Nbd7 26. Nb5 Nf6 27. Na7 Qd7 28. Nc8 Re6 29. Nb6 Qe7 30. Nc8 Qd7 31. Bb6 Nc6 32. Bc4 d5 33. Bxd5 0-1

[Event "Aktobe Dvorkovich Rapid op"]
[Site "Aktobe"]
[Date "2022.06.21"]
[Round "7"]
[White "Galymzhanuly, Ibragim"]
[Black "Afanasiev, Nikita"]
[Result "1-0"]
[WhiteElo "1800"]
[BlackElo "2583"]
[PlyCount "94"]
[EventDate "2022.06.21"]
[EventType "swiss (rapid)"]
[EventRounds "9"]
[EventCountry "KAZ"]
[SourceTitle "CBM 209 Extra"]
[Source "ChessBase"]
[SourceDate "2022.09.30"]
[SourceVersion "1"]
[SourceVersionDate "2022.09.30"]
[SourceQuality "1"]

1. e4 e6 2. d4 d5 3. Bd3 f5 4. e5 c5 5. c3 Nc6 6. Ne2 Nge7 7. Nd2 Ng6 8. Nf3 Be7 9. g3 a6 10. h4 c4 11. Bc2 b5 12. Bg5 Bd7 13. Bxe7 Qxe7 14. h5 Nf8 15. Nf4 b4 16. Bxf5 exf5 17. Nxd5 Qd8 18. Nf4 Ne6 19. d5 Nxf4 20. gxf4 bxc3 21. bxc3 Qa5 22. 0-0 0-0 23. dxc6 Bxc6 24. Nd4 Be4 25. Qd2 Rfd8 26. Qe3 Rab8 27. Kh2 Rb2 28. Rg1 Re8 29. Qg3 Qc7 30. Qh4 Qe7 31. Qxe7 Rxe7 32. Kg3 Reb7 33. f3 Bd3 34. h6 g6 35. Rg2 Kf7 36. a4 Ke7 37. Re1 R7b6 38. Rxb2 Rxb2 39. e6 Rb6 40. Re5 Rd6 41. Rc5 Rxd4 42. cxd4 Kxe6 43. Kf2 Kd6 44. Ke3 Bf1 45. Kd2 Bg2 46. Rxc4 Bxf3 47. Rc8 Be4 1-0

[Event "Aktobe Dvorkovich op"]
[Site "Aktobe"]
[Date "2022.06.14"]
[Round "1"]
[White "Vokhidov, Shamsiddin"]
[Black "Galymzhanuly, Ibragim"]
[Result "1-0"]
[WhiteElo "2534"]
[BlackElo "1800"]
[PlyCount "73"]
[EventDate "2022.06.14"]
[EventType "swiss"]
[EventRounds "9"]
[EventCountry "KAZ"]
[SourceTitle "CBM 208 Extra"]
[Source "ChessBase"]
[SourceDate "2022.07.31"]
[SourceVersion "1"]
[SourceVersionDate "2022.07.31"]
[SourceQuality "1"]

1. e4 d5 2. exd5 Qxd5 3. Nc3 Qd6 4. d4 c6 5. Ne4 Qd8 6. Bc4 Bf5 7. Ng3 Bg6 8. h4 h6 9. N1e2 e6 10. Nf4 Bh7 11. c3 Nf6 12. 0-0 Bd6 13. Ngh5 0-0 14. Re1 Re8 15. Nxf6+ Qxf6 16. Nh5 Qxh4 17. g3 Qd8 18. Bxh6 gxh6 19. Qg4+ Bg6 20. Bxe6 Rxe6 21. Rxe6 Kh7 22. Nf6+ Kg7 23. Rxd6 Qe7 24. Qf4 Na6 25. Ng4 Qg5 26. Qxg5 hxg5 27. Re1 Nc7 28. Rd7 Bf5 29. Rxc7 Bxg4 30. Ree7 Rf8 31. Kg2 Kg6 32. Rxb7 Be6 33. Rxe6+ fxe6 34. Rxa7 Kf6 35. Rc7 Rb8 36. b4 Ra8 37. Rxc6 1-0